| 000 | 00952nam a2200193 a 4500 | ||
|---|---|---|---|
| 001 | 001098608 | ||
| 003 | AM-YeHGA | ||
| 005 | 20250617151607.0 | ||
| 008 | 150828s1979 ||| r 000 0 rus d | ||
| 040 | _aAM-YeHGA | ||
| 041 | 0 | _arus | |
| 245 | 0 | 0 |
_aПроблемы противоселевых мероприятий / _cГл. упр. по стр-ву и эксплуатации селезащит. сооружений при Совете Министров КазССР, Селевая комис. науч. совета по инж. геологии и грунтоведению; Редкол.: У.Е. Есенов (гл. ред.) и др. |
| 260 |
_aАлма-Ата : _bКазахстан, _c1979. |
||
| 300 |
_a240 с. : _bил. |
||
| 653 | 0 | _aСелевые потоки - Сборники | |
| 653 | 0 | _aСелезащитные сооружения - Сборники | |
| 700 | 1 |
_aЕсенов, У.Е. _eред. _4edt |
|
| 090 | _c356303 | ||
| 999 |
_c354486 _d354486 |
||